| 000 | 00497nam a2200217Ia 4500 | ||
|---|---|---|---|
| 003 | GCL | ||
| 005 | 20240530100206.0 | ||
| 008 | 140319s9999 xx 000 0 eng d | ||
| 040 |
_aGCL / _cGCL |
||
| 082 | 0 | 4 |
_a782.1 _bD O |
| 100 | 1 | _aDENT,EDWARD J | |
| 245 | 1 | 0 |
_aOPERA / _cDENT,EDWARD J |
| 260 |
_a[S.N] : _bPENGUIN BOOKS |
||
| 300 | _a220 P | ||
| 650 | 0 | 4 | _aOPERA |
| 650 | 0 | 4 | _aMUSIC - VOCAL FORMS |
| 650 | 0 | 4 | _aARTS |
| 650 | 0 | 4 | _aMUSIC |
| 700 | 1 | _aDENT, EDWARD J. | |
| 942 |
_2ddc _cBK |
||
| 999 |
_c15000 _d15000 |
||